| 000 | 00581nam a2200193 a 4500 | ||
|---|---|---|---|
| 001 | 000012478 | ||
| 005 | 20240412074232.0 | ||
| 008 | 091113s1989 dr 000 j spa d | ||
| 040 |
_aDO-SdBNP _bspa _cBNPHU |
||
| 082 |
_aRD863.44 _bH557a |
||
| 100 | 1 |
_aHernández, Ángela, _d1954- _92564 |
|
| 245 | 1 | 0 |
_aAlótropos / _cAngela Hernández. |
| 260 |
_aSanto Domingo : _bAlas, _c1989. |
||
| 300 |
_a129 p. ; _c21 cm. |
||
| 590 | _aInventariado, 2019/BT | ||
| 650 | 0 |
_aCuentos dominicanos _9176 |
|
| 650 | 0 |
_aLiteratura dominicana. _967 |
|
| 910 | _aValidado. Control de calidad MMOLINA | ||
| 999 |
_c12134 _d12134 |
||